Normal view MARC view
  • Hunger David J. AND Thomas, Wheeten L

Entry Personal Name

Number of records used in: 1

001 - CONTROL NUMBER

  • control field: 4849

003 - CONTROL NUMBER IDENTIFIER

  • control field: OSt

005 - DATE AND TIME OF LATEST TRANSACTION

  • control field: 20180821124901.0

008 - FIXED-LENGTH DATA ELEMENTS

  • fixed length control field: 180821|| aca||aabn | a|a d

040 ## - CATALOGING SOURCE

  • Original cataloging agency: OSt
  • Transcribing agency: OSt

100 ## - HEADING--PERSONAL NAME

  • Personal name: Hunger David J. AND Thomas, Wheeten L

670 ## - SOURCE DATA FOUND

  • Source citation: Work cat.: (OSt)465: Hunger David J. AND Thomas, Wheeten L, Essentials of Strategic Management., 2003